Connected Clues A-Z #1 - Statistics

General Stats
  • This quiz has been taken 42 times
  • The average score is 10 of 26
Answer Stats
Hint Answer % Correct
Life isn’t this fair
80%
What Uma Thurman does to (B) kill
60%
It’s a long way there if you wanna rock ’n' roll top
60%
DJ Khaled’s catchphrase: _______ (O) another
55%
The form a (D) takes bill
55%
You’re out of ______! line
55%
(A) day, (A) _______ dollar
50%
A type of Guinea Equatorial
50%
Inhabitants of an (H) ghosts
50%
Rhymes with (K) pill
50%
Movie whose final scene features a spinning (T) Inception
45%
Last name of the (B) that busts (G)s Murray
40%
English (U) one
40%
First titular movie role for one of the actors in (I) Juno
35%
Last 3 letters of (J) uno
35%
An (L) in the UK queue
30%
A (P) from your therapist Xanax
30%
A type of (L) vertical
25%
A very (S) residence haunted house
20%
(W)s favorite season spooky
20%
The feeling (X) brings zen
20%
Only used on special occasions china
15%
The most satisfying card of (U) reverse
10%
Karen is their fearless leader white women
10%
The (D) of (C) Yuan
10%
The dentist’s version of (X) nitrous oxide
5%
No matching quizzes found
Score Distribution
Percent of People with Each Score
Percentile by Number Answered
Your Score History
You have not taken this quiz